000
00329nam a2200145Ia 4500
008
210210b1879 xxu||||| |||| 00| 0 eng d
041
_a
eng
082
_a
825/1076
100
_a
DE FOE
245
_a
Minto
260
_a
London
_b
Macmillan & Co. Ltd.
_c
1879
650
_a
Minto
690
_a
English Criticism
906
_a
015391
999
_c
134751
_d
134751